Sports Quiz

Random Sports or Auto Racing Quiz

Country by race track Quiz Stats

Quiz not verified by Sporcle

Challenge
Share
Tweet
Score 0/20 Timer 05:00
1 Play Today
% Correct
Germany
97.8%
Japan
91.9%
Spain
91.8%
Italy
89.6%
United States
89.2%
Canada
87.8%
France
87.6%
United Kingdom
87.5%
Belgium
86.9%
Malaysia
84.9%
% Correct
Mexico
82.7%
India
81.9%
Singapore
77.7%
The Netherlands
77.2%
Portugal
76.4%
United Arab Emirates
71.4%
South Africa
58.9%
Ireland
43.1%
Brazil
41.3%
Czechia
39.7%

You're not logged in!

Compare scores with friends on all Sporcle quizzes.
Sign Up with Email
OR
Log In

You Might Also Like...

Show Comments

Extras

Top Quizzes Today


Score Distribution

Your Account Isn't Verified!

In order to create a playlist on Sporcle, you need to verify the email address you used during registration. Go to your Sporcle Settings to finish the process.